| 000 | 00937nam a22002897a 4500 | ||
|---|---|---|---|
| 003 | CHAP | ||
| 005 | 20220329143614.0 | ||
| 008 | 100902s2009 mx a r 00010 spa d | ||
| 010 | _a99172 | ||
| 011 | _a100144 | ||
| 035 | _a110830 | ||
| 040 | _cCHAP | ||
| 090 | _aFolleto 17757 | ||
| 100 | 1 |
_aOchoa Castillo, Patricia _982657 |
|
| 245 | 1 | 0 |
_aPreclásico _c/por Patricia Ochoa Castillo |
| 260 |
_aMéxico, D.F. : _bINAH. Museo Nacional de Antropología, _c2009 |
||
| 300 |
_a28 p. : _bil. |
||
| 590 |
_aBATCH-UPD _b10 _c20130110 _lUCH01 _h1521 |
||
| 590 |
_aBATCH-UPD _b10 _c20130410 _lUCH01 _h0933 |
||
| 590 |
_aBATCH-UPD _b10 _c20130914 _lUCH01 _h0945 |
||
| 590 |
_aCONVERSION _b10 _c20130109 _lUCH01 _h1355 |
||
| 650 | 1 | 4 |
_aCivilización _xHistoria. _923565 |
| 710 | 0 |
_aConsejo Nacional para la Cultura y las Artes. México. _927328 |
|
| 901 | _aBK | ||
| 942 | _cFOLL | ||
| 949 |
_aFolleto 17757 _bBC _cFOLL _d33724002139488 _eTS1 _i110830 _sb |
||
| 999 |
_c99172 _d99172 |
||